[Event "10th Paul Keres mem"]
[Site "Tallinn URS"]
[Date "1987.04.??"]
[Round "7"]
[White "Lerner, Konstantin"]
[Black "Gavrikov, Viktor"]
[Result "1/2-1/2"]
[WhiteElo "2555"]
[BlackElo "2550"]
[EventDate "1987.04.06"]
[PlyCount "41"]

1.c4 Nf6 2.Nc3 e5 3.e3 Bb4 4.Nge2 O-O 5.Nd5 Nxd5 6.cxd5 c5 7.Ng3 d6 8.Be2 
f5 9.O-O Nd7 10.f4 Ba5 11.Qc2 g6 12.b3 Nf6 13.Bb2 Bc7 14.e4 fxe4 15.Nxe4 
Nxe4 16.Qxe4 Qh4 17.g3 Qe7 18.fxe5 dxe5 19.Rxf8+ Kxf8 20.Rf1+ Kg7 21.Bg4 
1/2-1/2

[Event "10th Paul Keres mem"]
[Site "Tallinn URS"]
[Date "1987.04.??"]
[Round "7"]
[White "Uhlmann, Wolfgang"]
[Black "Yrjola, Jouni"]
[Result "1/2-1/2"]
[WhiteElo "2525"]
[BlackElo "2415"]
[EventDate "1987.04.06"]
[PlyCount "92"]

1.c4 f5 2.g3 Nf6 3.Bg2 g6 4.Nc3 Bg7 5.d4 O-O 6.Nh3 Nc6 7.Nf4 d6 8.d5 Ne5 
9.Qb3 c5 10.O-O Rb8 11.a4 Qa5 12.Nd3 Bd7 13.Bd2 Qd8 14.Nxe5 dxe5 15.Qa3 b6
16.a5 Ne8 17.axb6 axb6 18.Qb3 Nd6 19.Ra7 Bf6 20.e4 b5 21.cxb5 Bxb5 22.Nxb5
Rxb5 23.Qc2 Qb6 24.Ra2 Rb8 25.Bc3 c4 26.Rd1 Rc5 27.Qe2 fxe4 28.Bxe4 Qb3 
29.Ra3 Qb7 30.Ra4 Qc7 31.h4 Rd8 32.h5 Nxe4 33.Qxe4 gxh5 34.Kg2 Qd7 35.Rxc4
Rxd5 36.Rh1 h4 37.Qg4+ Qxg4 38.Rxg4+ Kf7 39.gxh4 Ke6 40.Re1 Kf5 41.Rb4 
Rg8+ 42.Kf1 h5 43.f3 Rd3 44.Kf2 Rd4 45.Rxe5+ Bxe5 46.Bxd4 Bg3+ 1/2-1/2

[Event "10th Paul Keres mem"]
[Site "Tallinn URS"]
[Date "1987.04.??"]
[Round "7"]
[White "Van der Sterren, Paul"]
[Black "Karner, Hillar"]
[Result "1-0"]
[WhiteElo "2520"]
[BlackElo "2390"]
[EventDate "1987.04.06"]
[PlyCount "113"]

1.d4 Nf6 2.c4 e6 3.Nf3 b6 4.g3 Bb7 5.Bg2 Be7 6.Nc3 O-O 7.Qc2 c5 8.d5 exd5 
9.Ng5 h6 10.Nxd5 Bxd5 11.cxd5 d6 12.Nh3 Nbd7 13.O-O b5 14.e4 c4 15.f4 Rc8 
16.Nf2 Qb6 17.Qe2 Rfe8 18.Be3 Qb8 19.Bd4 Bd8 20.Bh3 Bb6 21.Bxd7 Bxd4 22.
Bxe8 Rxe8 23.Kh1 Bxf2 24.Qxf2 Nxe4 25.Qd4 Nc5 26.Rae1 Nd3 27.Rxe8+ Qxe8 
28.Kg1 Qe2 29.Qxa7 Qxb2 30.Qe3 Qf6 31.Rb1 g6 32.a3 Nb2 33.Kg2 Kg7 34.Rc1 
Na4 35.Rc2 Nc5 36.Qc3 Ne4 37.Qe3 Qf5 38.Qd4+ Nf6 39.Rd2 Kh7 40.Rd1 Qc2+ 
41.Rd2 Qf5 42.Rd1 h5 43.a4 bxa4 44.Qxc4 Ne4 45.Qd3 a3 46.Ra1 Qf6 47.Ra2 
Nc3 48.Rxa3 Nxd5 49.Qxd5 Qb2+ 50.Kh3 Qxa3 51.Qxf7+ Kh6 52.Qg8 Qc3 53.Qf8+ 
Kh7 54.Qe7+ Kh6 55.Kh4 Qc8 56.h3 d5 57.g4 1-0

[Event "10th Paul Keres mem"]
[Site "Tallinn URS"]
[Date "1987.04.??"]
[Round "8"]
[White "Gavrikov, Viktor"]
[Black "Malaniuk, Vladimir"]
[Result "1/2-1/2"]
[WhiteElo "2550"]
[BlackElo "2575"]
[EventDate "1987.04.06"]
[PlyCount "83"]

1.d4 f5 2.g3 Nf6 3.Bg2 g6 4.c3 Bg7 5.Nd2 c6 6.Ngf3 O-O 7.O-O Kh8 8.Ne5 d6 
9.Nd3 Nbd7 10.e4 Nxe4 11.Nxe4 fxe4 12.Bxe4 e5 13.dxe5 d5 14.Bg2 Nxe5 15.
Nxe5 Bxe5 16.Re1 Bg7 17.Be3 Bf5 18.Bd4 Qd7 19.Qd2 a6 20.Re3 Rae8 21.Rae1 
Kg8 22.Bc5 Rxe3 23.Qxe3 Rd8 24.h4 Qf7 25.Bd4 Bxd4 26.cxd4 Bd7 27.Qg5 Re8 
28.Rxe8+ Qxe8 29.h5 Qe1+ 30.Kh2 Qe6 31.Qd8+ Qe8 32.Qc7 Qc8 33.Qe5 Qe8 34.
hxg6 hxg6 35.Qc7 Bc8 36.b4 g5 37.Bf1 Bf5 38.Qxb7 Qe1 39.Qb8+ Kf7 40.Qc7+ 
Kg8 41.Qd8+ Kh7 42.Qc7+ 1/2-1/2

[Event "10th Paul Keres mem"]
[Site "Tallinn URS"]
[Date "1987.04.??"]
[Round "8"]
[White "Gurevich, Mikhail"]
[Black "Uhlmann, Wolfgang"]
[Result "1-0"]
[WhiteElo "2540"]
[BlackElo "2525"]
[EventDate "1987.04.06"]
[PlyCount "79"]

1.d4 Nf6 2.c4 g6 3.Nc3 Bg7 4.e4 d6 5.Nf3 O-O 6.Be2 e5 7.O-O Nc6 8.d5 Ne7 
9.Nd2 Nd7 10.b4 f5 11.a4 Bh6 12.Nb3 Bxc1 13.Rxc1 Nf6 14.f3 f4 15.c5 g5 16.
Nb5 Ne8 17.Qc2 Ng6 18.cxd6 cxd6 19.Nc7 Nxc7 20.Qxc7 Qf6 21.Nd2 Rf7 22.Qa5 
h5 23.Nc4 Bd7 24.Nb6 Raf8 25.Qxa7 g4 26.Nxd7 Rxd7 27.Qb6 Nh4 28.Rc7 Rff7 
29.Rxd7 Rxd7 30.fxg4 Qg6 31.Qf2 Qxe4 32.Bb5 Rg7 33.Qxh4 Rxg4 34.Qf2 Qxd5 
35.Be2 Rg7 36.Rd1 Qe6 37.Qf3 Qg6 38.Qd5+ Kh8 39.Bf3 Qc2 40.Qd2 1-0

[Event "10th Paul Keres mem"]
[Site "Tallinn URS"]
[Date "1987.04.??"]
[Round "8"]
[White "Kochiev, Alexander"]
[Black "Hodgson, Julian Michael"]
[Result "0-1"]
[WhiteElo "2445"]
[BlackElo "2520"]
[EventDate "1987.04.06"]
[PlyCount "136"]

1.d4 Nf6 2.Nf3 c5 3.d5 g6 4.Nc3 Bg7 5.e4 O-O 6.Be2 d6 7.O-O Na6 8.h3 Nc7 
9.a4 b6 10.Bf4 Bb7 11.Re1 a6 12.Bc4 Nh5 13.Bh2 b5 14.axb5 Bxc3 15.bxc3 
axb5 16.Bf1 Rxa1 17.Qxa1 f5 18.e5 Bxd5 19.Nd2 f4 20.c4 bxc4 21.Nxc4 Bxc4 
22.exd6 exd6 23.Bxc4+ d5 24.Be2 Ng7 25.Qe5 Nce6 26.Bf3 Rf5 27.Qb2 h5 28.
Qb7 Qd6 29.Kh1 d4 30.Be4 Rf7 31.Qa8+ Kh7 32.Rb1 Rf8 33.Qa7 Kh6 34.f3 Qe5 
35.Rb6 c4 36.Qe7 d3 37.cxd3 c3 38.Bg1 c2 39.Rc6 Qb2 40.Bxg6 c1=Q 41.Rxc1 
Qxc1 42.Bf7 Rxf7 43.Qxf7 Kh7 44.Qf6 Qb1 45.d4 Qf5 46.Qe7 Kg6 47.Qd7 Kh7 
48.Qd6 Qf7 49.Qe5 Nc7 50.d5 Nxd5 51.Bd4 Ne7 52.Bb2 Ng6 53.Qc3 Nf5 54.Kh2 
Ne3 55.Bc1 Nf1+ 56.Kg1 Ng3 57.Qc2 Qe7 58.Kh2 Qf7 59.Qf2 h4 60.Bb2 Qb7 61.
Qd4 Ne2 62.Qd2 Qe7 63.Bf6 Qxf6 64.Qxe2 Ne7 65.Qe4+ Kh6 66.Qc4 Kg5 67.Qc5+ 
Nf5 68.Qd5 Kh6 0-1

[Event "10th Paul Keres mem"]
[Site "Tallinn URS"]
[Date "1987.04.??"]
[Round "8"]
[White "Romanishin, Oleg"]
[Black "Karner, Hillar"]
[Result "1-0"]
[WhiteElo "2570"]
[BlackElo "2390"]
[EventDate "1987.04.06"]
[PlyCount "181"]

1.d4 Nf6 2.c4 e6 3.Nf3 b6 4.g3 Ba6 5.Nbd2 Bb4 6.Qc2 c5 7.Bg2 O-O 8.O-O 
cxd4 9.Nxd4 d5 10.cxd5 Nxd5 11.N2f3 Qc8 12.Rd1 Qxc2 13.Nxc2 Nc6 14.e4 Nf6 
15.e5 Nd5 16.Nfd4 Nxd4 17.Nxd4 Bb7 18.Bd2 Bc5 19.Nb3 Be7 20.Rac1 Rfd8 21.
Nd4 Rd7 22.Be1 g6 23.Nc6 Bxc6 24.Rxc6 Rad8 25.a3 Bc5 26.b4 Bf8 27.Rd3 Ne7 
28.Rxd7 Rxd7 29.Rc3 g5 30.f4 gxf4 31.gxf4 Rd1 32.Kf2 Ng6 33.Ke2 Rd4 34.Bg3
Bh6 35.Ke3 Rd1 36.Ke4 Rd2 37.Bf3 Ne7 38.Rd3 Rc2 39.Bh5 Nd5 40.f5 Rc4+ 41.
Kf3 Rc3 42.Rxc3 Nxc3 43.Bg4 exf5 44.Bxf5 Bf8 45.Be1 Nb5 46.Bd3 Nc7 47.Ke4 
Be7 48.Bc4 Kf8 49.Bd2 Bh4 50.b5 Be7 51.a4 Bc5 52.Kf5 Ne8 53.Bh6+ Ke7 54.
Bg5+ Kf8 55.Bh6+ Ke7 56.h3 Bf2 57.Bg5+ Kf8 58.Bh6+ Ke7 59.Bb3 Bg1 60.h4 
Bf2 61.h5 Bg3 62.Ba2 Bh2 63.Bg5+ Kf8 64.Bh6+ Ke7 65.Bb1 Nc7 66.Bg7 Ne6 67.
h6 Nf8 68.Ke4 Ng6 69.Kd5 Kd7 70.Bf5+ Ke7 71.Bf6+ Kf8 72.Kd6 Ke8 73.Bg7 Kd8
74.Be4 Bg1 75.Kc6 Be3 76.Kb7 Bc5 77.Kxa7 Ke7 78.Bf5 Bf2 79.Ka6 Be3 80.a5 
bxa5 81.b6 Bxb6 82.Kxb6 a4 83.Kc5 a3 84.Bf6+ Ke8 85.Bb1 Ne7 86.Kb4 Nd5+ 
87.Kxa3 Nxf6 88.exf6 Kd7 89.Bxh7 Ke6 90.Bb1 Kxf6 91.Bc2 1-0

[Event "10th Paul Keres mem"]
[Site "Tallinn URS"]
[Date "1987.04.??"]
[Round "9"]
[White "Hodgson, Julian Michael"]
[Black "Romanishin, Oleg"]
[Result "1/2-1/2"]
[WhiteElo "2520"]
[BlackElo "2570"]
[EventDate "1987.04.06"]
[PlyCount "102"]

1.c4 e5 2.Nf3 Nc6 3.Nc3 Nf6 4.e3 Bb4 5.Qc2 Bxc3 6.Qxc3 Qe7 7.a3 O-O 8.b4 
e4 9.Nd4 Nxd4 10.Qxd4 a5 11.b5 c5 12.Qc3 Ng4 13.Bb2 f5 14.h3 Nf6 15.O-O-O 
d6 16.d4 Be6 17.dxc5 dxc5 18.Be2 b6 19.Rd2 Rad8 20.Rhd1 Rxd2 21.Qxd2 Qf7 
22.Qc3 Qe7 23.a4 h5 24.Kc2 Rd8 25.Rxd8+ Qxd8 26.Qe5 Kf7 27.Qf4 Kg8 28.Qg3 
Kh7 29.Qg5 Qf8 30.Kb3 Qd6 31.Bc3 Bd7 32.Kc2 Qe6 33.Qf4 Be8 34.Qc7 Bf7 35.
Qc6 Qxc6 36.bxc6 Kg6 37.c7 Be6 38.f3 exf3 39.Bxf3 Ne4 40.Be5 Bc8 41.h4 Kh6
42.Kd3 Nf2+ 43.Ke2 Ne4 44.Ke1 Kg6 45.Be2 Kh6 46.Bd3 g5 47.hxg5+ Kxg5 48.g3
Kg6 49.Be2 Ba6 50.Bf3 Bc8 51.Bd1 Bb7 1/2-1/2

[Event "10th Paul Keres mem"]
[Site "Tallinn URS"]
[Date "1987.04.??"]
[Round "9"]
[White "Karner, Hillar"]
[Black "Yrjola, Jouni"]
[Result "0-1"]
[WhiteElo "2390"]
[BlackElo "2415"]
[EventDate "1987.04.06"]
[PlyCount "56"]

1.d4 f5 2.h3 d5 3.Nf3 Nf6 4.Bf4 e6 5.e3 Bd6 6.c4 O-O 7.Nc3 Ne4 8.Bd3 Bxf4 
9.exf4 Qd6 10.Qb3 c6 11.g3 b6 12.O-O Kh8 13.Kg2 Nd7 14.Rfd1 Bb7 15.cxd5 
exd5 16.Rac1 c5 17.Nb5 Qg6 18.Qa3 a6 19.Nc3 Qf6 20.Ne5 Nxe5 21.fxe5 Qg6 
22.dxc5 d4 23.c6 Bxc6 24.Nxe4 fxe4 25.Qd6 Qf5 26.Rf1 Qf3+ 27.Kg1 Bb7 28.
Rc7 exd3 0-1

[Event "10th Paul Keres mem"]
[Site "Tallinn URS"]
[Date "1987.04.??"]
[Round "9"]
[White "Lerner, Konstantin"]
[Black "Karlsson, Lars"]
[Result "1/2-1/2"]
[WhiteElo "2555"]
[BlackElo "2480"]
[EventDate "1987.04.06"]
[PlyCount "61"]

1.Nf3 e6 2.g3 f5 3.Bg2 Nf6 4.O-O d5 5.d3 Bc5 6.c4 O-O 7.Qc2 d4 8.Nbd2 Nc6 
9.a3 a5 10.Nb3 Be7 11.e3 dxe3 12.Bxe3 e5 13.Bg5 a4 14.Nbd2 h6 15.Bxf6 Bxf6
16.Nb1 g5 17.Nc3 g4 18.Nd2 Nd4 19.Qd1 Bg5 20.Re1 Qf6 21.Nd5 Qg7 22.Rb1 h5 
23.c5 Be6 24.Nc4 Nc6 25.Nb4 Nxb4 26.axb4 e4 27.Na5 b6 28.Nc6 Bb3 29.Qe2 
Qd7 30.h4 Bh6 31.b5 1/2-1/2

[Event "10th Paul Keres mem"]
[Site "Tallinn URS"]
[Date "1987.04.??"]
[Round "9"]
[White "Malaniuk, Vladimir"]
[Black "Psakhis, Lev"]
[Result "1/2-1/2"]
[WhiteElo "2575"]
[BlackElo "2575"]
[EventDate "1987.04.06"]
[PlyCount "33"]

1.e4 e6 2.d4 d5 3.Nd2 c5 4.Ngf3 Nf6 5.exd5 exd5 6.Bb5+ Bd7 7.Bxd7+ Nbxd7 
8.O-O Be7 9.dxc5 Nxc5 10.Nb3 Nce4 11.Nfd4 O-O 12.Nf5 Re8 13.Nxe7+ Rxe7 14.
Be3 b6 15.Bd4 Rd7 16.Bxf6 Qxf6 17.Qd4 1/2-1/2

[Event "10th Paul Keres mem"]
[Site "Tallinn URS"]
[Date "1987.04.??"]
[Round "9"]
[White "Uhlmann, Wolfgang"]
[Black "Gavrikov, Viktor"]
[Result "1-0"]
[WhiteElo "2525"]
[BlackElo "2550"]
[EventDate "1987.04.06"]
[PlyCount "83"]

1.c4 Nf6 2.Nc3 e5 3.Nf3 Nc6 4.g3 Bb4 5.Bg2 Bxc3 6.dxc3 d6 7.O-O h6 8.c5 d5
9.b4 a6 10.c4 dxc4 11.Qxd8+ Kxd8 12.Bb2 Re8 13.Rfd1+ Bd7 14.a4 Kc8 15.b5 
axb5 16.axb5 Rxa1 17.Rxa1 Nb8 18.Nxe5 Bxb5 19.Ra7 Bc6 20.Bh3+ Bd7 21.Nxd7 
Nfxd7 22.Bxg7 h5 23.e3 c6 24.Bc3 Re7 25.Kf1 Kd8 26.Ra8 Re8 27.Ba5+ Ke7 28.
Bc7 Nxc5 29.Rxb8 Rxb8 30.Bxb8 b5 31.Bf5 b4 32.Ke2 Na4 33.Kd2 c5 34.Kc1 Nc3
35.g4 hxg4 36.Bxg4 Ne4 37.f3 Nf2 38.Bf5 Kf6 39.Bg3 Nh1 40.Be4 Nxg3 41.hxg3
Ke5 42.Kb2 1-0

[Event "10th Paul Keres mem"]
[Site "Tallinn URS"]
[Date "1987.04.??"]
[Round "10"]
[White "Gavrikov, Viktor"]
[Black "Van der Sterren, Paul"]
[Result "1-0"]
[WhiteElo "2550"]
[BlackElo "2520"]
[EventDate "1987.04.06"]
[PlyCount "69"]

1.e4 e5 2.Nf3 Nc6 3.Bc4 Nf6 4.d3 Bc5 5.c3 a6 6.O-O Ba7 7.Bb3 O-O 8.Re1 d6 
9.h3 h6 10.Nbd2 Be6 11.Nf1 Re8 12.N3h2 Bxb3 13.axb3 a5 14.Ng3 d5 15.Qf3 
dxe4 16.dxe4 Re6 17.Nf5 Qf8 18.Qg3 Kh8 19.Ng4 Nh7 20.Nge3 Rg6 21.Qh4 Ng5 
22.Ng4 Nh7 23.Rd1 Qe8 24.Rd5 Bb6 25.b4 Re6 26.Qg3 Qf8 27.b5 Ne7 28.Rxe5 
Nxf5 29.Rxf5 Rxe4 30.Ne5 Re1+ 31.Kh2 Nf6 32.Rxf6 gxf6 33.Bxh6 Qg8 34.Nxf7+
Qxf7 35.Rxe1 1-0

[Event "10th Paul Keres mem"]
[Site "Tallinn URS"]
[Date "1987.04.??"]
[Round "10"]
[White "Gurevich, Mikhail"]
[Black "Karner, Hillar"]
[Result "1-0"]
[WhiteElo "2540"]
[BlackElo "2390"]
[EventDate "1987.04.06"]
[PlyCount "82"]

1.Nf3 Nf6 2.c4 g6 3.d4 Bg7 4.Nc3 O-O 5.e4 d6 6.Be2 e5 7.O-O Nc6 8.d5 Nb8 
9.Bg5 h6 10.Bh4 a5 11.c5 Nbd7 12.cxd6 cxd6 13.Nd2 Nc5 14.f3 Bd7 15.a4 Na6 
16.Bb5 Nc7 17.Bxd7 Qxd7 18.Nc4 Ra6 19.Qb3 Rb8 20.Nb5 Nce8 21.Bf2 Qd8 22.
Rac1 Nd7 23.Be3 Kh7 24.f4 exf4 25.Rxf4 Qe7 26.Rcf1 f6 27.Bd4 Rc8 28.Qd3 
Raa8 29.b3 Rd8 30.Qc3 Rdc8 31.Qh3 Ne5 32.Nb6 Rd8 33.Nxa8 Rxa8 34.Rc1 h5 
35.Rc2 Bh6 36.Rf1 Ng4 37.Qf3 Bg5 38.Rc4 Rd8 39.h3 Ne5 40.Bxe5 dxe5 41.Qc3 
f5 1-0

[Event "10th Paul Keres mem"]
[Site "Tallinn URS"]
[Date "1987.04.??"]
[Round "10"]
[White "Karlsson, Lars"]
[Black "Malaniuk, Vladimir"]
[Result "1/2-1/2"]
[WhiteElo "2480"]
[BlackElo "2575"]
[EventDate "1987.04.06"]
[PlyCount "73"]

1.Nf3 f5 2.g3 Nf6 3.Bg2 g6 4.c4 Bg7 5.Nc3 d6 6.O-O O-O 7.d3 Nc6 8.Rb1 Nh5 
9.Nd5 e6 10.Bg5 Qd7 11.Nf4 Nf6 12.d4 e5 13.dxe5 dxe5 14.Qxd7 Bxd7 15.Rfd1 
Rf7 16.Nd5 Nxd5 17.cxd5 Ne7 18.Bd2 e4 19.Ng5 Rf6 20.f3 h6 21.fxe4 hxg5 22.
e5 Rb6 23.e6 Be8 24.Bxg5 Nc8 25.Rbc1 Bxb2 26.Rxc7 Ba4 27.Rxc8+ Rxc8 28.d6 
Re8 29.d7 Rbxe6 30.d8=Q Rxd8 31.Rxd8+ Kg7 32.Rb8 Rxe2 33.Rxb7+ Kf8 34.Rb8+
Kg7 35.Rb7+ Kf8 36.Rb8+ Kg7 37.Rb7+ 1/2-1/2

[Event "10th Paul Keres mem"]
[Site "Tallinn URS"]
[Date "1987.04.??"]
[Round "10"]
[White "Kochiev, Alexander"]
[Black "Lerner, Konstantin"]
[Result "1/2-1/2"]
[WhiteElo "2445"]
[BlackElo "2555"]
[EventDate "1987.04.06"]
[PlyCount "70"]

1.d4 d5 2.Nf3 Nf6 3.c4 e6 4.Nc3 dxc4 5.Qa4+ Nbd7 6.g3 a6 7.Bg2 Rb8 8.Qxc4 
b5 9.Qd3 Bb7 10.O-O c5 11.dxc5 Bxc5 12.Bf4 Rc8 13.Rad1 O-O 14.Ne5 Bxg2 15.
Kxg2 Nxe5 16.Bxe5 Qe7 17.Qf3 Nd7 18.Bf4 Nb6 19.Ne4 Nd5 20.Nxc5 Rxc5 21.Be5
f6 22.Bd4 Rc4 23.Rd2 Rfc8 24.Rfd1 Qb7 25.h4 Rc2 26.Kh2 Rxd2 27.Rxd2 Qc6 
28.Qe4 h6 29.b3 a5 30.Bb2 b4 31.a3 bxa3 32.Bxa3 Qb6 33.e3 Rc3 34.h5 Qc6 
35.Bb2 Rxb3 1/2-1/2

[Event "10th Paul Keres mem"]
[Site "Tallinn URS"]
[Date "1987.04.??"]
[Round "10"]
[White "Psakhis, Lev"]
[Black "Uhlmann, Wolfgang"]
[Result "1/2-1/2"]
[WhiteElo "2575"]
[BlackElo "2525"]
[EventDate "1987.04.06"]
[PlyCount "51"]

1.e4 e6 2.d4 d5 3.Nc3 Bb4 4.e5 Ne7 5.a3 Bxc3+ 6.bxc3 c5 7.Qg4 Qc7 8.Qxg7 
Rg8 9.Qxh7 cxd4 10.Ne2 Nbc6 11.f4 dxc3 12.Qd3 Bd7 13.Nxc3 a6 14.Rb1 Rc8 
15.h4 Nf5 16.Rh3 Nce7 17.Bd2 Bc6 18.h5 Nh6 19.Rg3 Rxg3 20.Qxg3 Nef5 21.Qh3
d4 22.Nd1 Qd8 23.Nf2 Ne3 24.Bxe3 dxe3 25.Qxe3 Nf5 26.Qd3 1/2-1/2

[Event "10th Paul Keres mem"]
[Site "Tallinn URS"]
[Date "1987.04.??"]
[Round "10"]
[White "Romanishin, Oleg"]
[Black "Yrjola, Jouni"]
[Result "1-0"]
[WhiteElo "2570"]
[BlackElo "2415"]
[EventDate "1987.04.06"]
[PlyCount "113"]

1.Nf3 Nf6 2.c4 g6 3.Nc3 Bg7 4.g3 O-O 5.Bg2 d5 6.cxd5 Nxd5 7.O-O Nc6 8.Qb3 
Nb6 9.d3 a5 10.Be3 a4 11.Qc2 a3 12.bxa3 Rxa3 13.Nb5 Ra6 14.Rab1 Be6 15.a3 
Qd7 16.Ng5 Nd5 17.Nxe6 fxe6 18.Bd2 Na7 19.a4 c6 20.Nxa7 Rxa7 21.a5 Nc7 22.
Rb3 Nb5 23.e3 e5 24.Rfb1 Rd8 25.Be1 Bf6 26.Qc5 Raa8 27.Be4 Nd6 28.Bc3 Qc7 
29.Bg2 e4 30.d4 Qd7 31.Rb6 Qf5 32.Be1 Kg7 33.Qc2 Rd7 34.a6 bxa6 35.Rxc6 
Qe6 36.Ba5 Rda7 37.Rbb6 Qd7 38.Bxe4 Nxe4 39.Qxe4 Rc8 40.d5 Rca8 41.d6 Rc8 
42.dxe7 Qd1+ 43.Kg2 Rxe7 44.Qf3 Qxf3+ 45.Kxf3 Rxc6 46.Rxc6 Ra7 47.Ke4 Kf7 
48.f4 Re7+ 49.Kd3 Ra7 50.e4 Rd7+ 51.Kc2 Bd4 52.e5 Rb7 53.Rxa6 Rb2+ 54.Kd3 
Bg1 55.Bd8 Rb8 56.e6+ Ke8 57.Bf6 1-0

[Event "10th Paul Keres mem"]
[Site "Tallinn URS"]
[Date "1987.04.??"]
[Round "11"]
[White "Karner, Hillar"]
[Black "Gavrikov, Viktor"]
[Result "0-1"]
[WhiteElo "2390"]
[BlackElo "2550"]
[EventDate "1987.04.06"]
[PlyCount "112"]

1.Nf3 d6 2.d4 f5 3.c4 Nf6 4.Nc3 g6 5.g3 Bg7 6.Bg2 O-O 7.O-O c6 8.d5 Bd7 9.
Be3 Na6 10.Qd2 Ng4 11.Bf4 Nc5 12.h3 Nf6 13.Bh6 Nce4 14.Nxe4 fxe4 15.Nh4 
Rf7 16.Be3 e6 17.dxc6 Bxc6 18.Rfd1 Rd7 19.Bh6 Bh8 20.Rac1 Rc8 21.Qg5 Qe7 
22.Bh1 b6 23.Ng2 Bb7 24.Qe3 Rdc7 25.Qa3 Ne8 26.b3 Ba8 27.h4 Rd7 28.Bg5 Qf7
29.Be3 Bg7 30.Nf4 Be5 31.Bg2 Ng7 32.Nh3 Nf5 33.Ng5 Qf6 34.Qa4 Qe7 35.Bh3 
Ng7 36.Bg2 Nf5 37.Bh3 Kh8 38.Bxf5 gxf5 39.Kf1 Bf6 40.Nh3 e5 41.c5 bxc5 42.
Bxc5 Bc6 43.Qa6 Bb7 44.Qa4 Rg8 45.Ng5 Rgd8 46.Bb4 h6 47.Nh3 Qe6 48.Ba5 f4 
49.Ng1 Rg8 50.Rc7 Rxc7 51.Bxc7 fxg3 52.Qxa7 Bxh4 53.Rxd6 gxf2 54.Qxf2 
Rxg1+ 55.Qxg1 Qf5+ 56.Kg2 e3+ 0-1

[Event "10th Paul Keres mem"]
[Site "Tallinn URS"]
[Date "1987.04.??"]
[Round "11"]
[White "Lerner, Konstantin"]
[Black "Hodgson, Julian Michael"]
[Result "1-0"]
[WhiteElo "2555"]
[BlackElo "2520"]
[EventDate "1987.04.06"]
[PlyCount "48"]

1.Nf3 e6 2.c4 f5 3.g3 Nf6 4.Bg2 d5 5.O-O Bd6 6.d4 c6 7.b3 Qe7 8.a4 O-O 9.
Ba3 Nbd7 10.Bxd6 Qxd6 11.Nc3 Ne4 12.Qc2 a5 13.e3 b6 14.Ne2 Bb7 15.Nf4 Rac8
16.Rfd1 Qe7 17.Qb2 g5 18.Nd3 Rf6 19.Nfe5 Nxe5 20.Nxe5 g4 21.Bxe4 dxe4 22.
c5 Rd8 23.cxb6 Qb4 24.Qa3 Qxa3 1-0

[Event "10th Paul Keres mem"]
[Site "Tallinn URS"]
[Date "1987.04.??"]
[Round "11"]
[White "Malaniuk, Vladimir"]
[Black "Kochiev, Alexander"]
[Result "1/2-1/2"]
[WhiteElo "2575"]
[BlackElo "2445"]
[EventDate "1987.04.06"]
[PlyCount "42"]

1.e4 e5 2.Nf3 Nf6 3.Nxe5 d6 4.Nc4 Nxe4 5.Nc3 Nxc3 6.dxc3 Be7 7.Qf3 Bg5 8.
Qe4+ Qe7 9.Qxe7+ Bxe7 10.Bf4 Bf5 11.Ne3 Bg6 12.Bd3 Bxd3 13.cxd3 g6 14.Nd5 
Bd8 15.Kd2 Kd7 16.Rae1 c6 17.Ne3 Na6 18.Nc4 Bc7 19.Re2 Rae8 20.Rhe1 Rxe2+ 
21.Rxe2 b5 1/2-1/2

[Event "10th Paul Keres mem"]
[Site "Tallinn URS"]
[Date "1987.04.??"]
[Round "11"]
[White "Yrjola, Jouni"]
[Black "Gurevich, Mikhail"]
[Result "1/2-1/2"]
[WhiteElo "2415"]
[BlackElo "2540"]
[EventDate "1987.04.06"]
[PlyCount "146"]

1.d4 f5 2.g3 Nf6 3.Bg2 g6 4.Nf3 Bg7 5.O-O O-O 6.c4 d6 7.Nc3 Qe8 8.d5 Na6 
9.Rb1 c6 10.b4 cxd5 11.Nxd5 Ne4 12.Ng5 Nc3 13.Nxc3 Bxc3 14.Qb3 Bf6 15.c5+ 
Kg7 16.cxd6 exd6 17.Bb2 h6 18.Nf3 Be6 19.Bxf6+ Rxf6 20.Qb2 Qf7 21.a3 Nc7 
22.Rfd1 Ne8 23.Rbc1 Qe7 24.Nd4 Kh7 25.e3 Bg8 26.Rc3 d5 27.Qc2 Rd6 28.h4 h5
29.Bf3 Be6 30.Rc1 Rdd8 31.Rc5 Bf7 32.Qa4 Kg8 33.Qc2 Qe5 34.Qc3 Nd6 35.Nb5 
Qxc3 36.Nxc3 b6 37.Rc7 Rac8 38.Nxd5 Rxc7 39.Nxc7 Nc4 40.Nb5 a6 41.Nd4 b5 
42.Be2 Rc8 43.f3 Kg7 44.Kf2 Kf6 45.e4 fxe4 46.fxe4 g5 47.e5+ Kxe5 48.Nf3+ 
Kd6 49.Nxg5 Bd5 50.Bxh5 Rf8+ 51.Ke2 Nxa3 52.Bg6 Nc4 53.h5 Ne5 54.Be4 Bxe4 
55.Nxe4+ Kd5 56.Nc5 Rg8 57.h6 Rxg3 58.Rh1 Rg2+ 59.Ke3 Rg3+ 60.Kf2 Rg8 61.
Rh5 Kd4 62.Nxa6 Rh8 63.Ke2 Nf7 64.h7 Kc4 65.Kd2 Nd6 66.Rh4+ Kd5 67.Kd3 Ne8
68.Rh6 Ke5 69.Nb8 Nf6 70.Nc6+ Ke6 71.Nd4+ Kf7 72.Nxb5 Rxh7 73.Rxh7+ Nxh7 
1/2-1/2

[Event "10th Paul Keres mem"]
[Site "Tallinn URS"]
[Date "1987.04.??"]
[Round "12"]
[White "Gavrikov, Viktor"]
[Black "Yrjola, Jouni"]
[Result "1/2-1/2"]
[WhiteElo "2550"]
[BlackElo "2415"]
[EventDate "1987.04.06"]
[PlyCount "55"]

1.d4 Nf6 2.c4 c5 3.d5 g6 4.Nc3 Bg7 5.e4 O-O 6.Bd3 e6 7.Nge2 exd5 8.cxd5 
Re8 9.O-O c4 10.Bxc4 Nxe4 11.Nxe4 Rxe4 12.Qd3 Re8 13.d6 Nc6 14.Qd5 Ne5 15.
Bb3 a5 16.Nc3 Ra6 17.a4 Rc6 18.Ne4 Re6 19.Ng5 Rcxd6 20.Nxe6 dxe6 21.Qe4 
Bd7 22.Qe2 Bc6 23.Be3 Nd3 24.Bc4 Nxb2 25.Bb5 Nd3 26.Rab1 Nb4 27.Bc5 Bxg2 
28.Bxd6 1/2-1/2

[Event "10th Paul Keres mem"]
[Site "Tallinn URS"]
[Date "1987.04.??"]
[Round "12"]
[White "Hodgson, Julian Michael"]
[Black "Malaniuk, Vladimir"]
[Result "1/2-1/2"]
[WhiteElo "2520"]
[BlackElo "2575"]
[EventDate "1987.04.06"]
[PlyCount "29"]

1.e4 e5 2.Nf3 Nc6 3.Bb5 Nd4 4.Nxd4 exd4 5.O-O Bc5 6.c3 Ne7 7.cxd4 Bxd4 8.
Nc3 c6 9.Ba4 O-O 10.Ne2 Bb6 11.d4 d5 12.e5 Bf5 13.Be3 Qd7 14.Ng3 f6 15.f4 
1/2-1/2

[Event "10th Paul Keres mem"]
[Site "Tallinn URS"]
[Date "1987.04.??"]
[Round "12"]
[White "Kochiev, Alexander"]
[Black "Uhlmann, Wolfgang"]
[Result "1/2-1/2"]
[WhiteElo "2445"]
[BlackElo "2525"]
[EventDate "1987.04.06"]
[PlyCount "21"]

1.d4 Nf6 2.c4 g6 3.g3 c6 4.Bg2 d5 5.cxd5 cxd5 6.Nf3 Bg7 7.O-O Nc6 8.Ne5 
Nxe5 9.dxe5 Ng4 10.Qxd5 Qxd5 11.Bxd5 1/2-1/2

[Event "10th Paul Keres mem"]
[Site "Tallinn URS"]
[Date "1987.04.??"]
[Round "12"]
[White "Psakhis, Lev"]
[Black "Karner, Hillar"]
[Result "1-0"]
[WhiteElo "2575"]
[BlackElo "2390"]
[EventDate "1987.04.06"]
[PlyCount "47"]

1.d4 Nf6 2.c4 g6 3.Nc3 Bg7 4.e4 d6 5.f3 b6 6.Bg5 c5 7.d5 e6 8.Nge2 h6 9.
Be3 exd5 10.cxd5 Ba6 11.a4 Nbd7 12.Nb5 Bxb5 13.axb5 O-O 14.Nc3 Ne8 15.Qd2 
f5 16.exf5 gxf5 17.Be2 Qe7 18.O-O h5 19.Ra4 Ne5 20.h3 Nf6 21.Bg5 Nf7 22.
Bh4 Rfe8 23.Bd3 Ne4 24.Nxe4 1-0

[Event "10th Paul Keres mem"]
[Site "Tallinn URS"]
[Date "1987.04.??"]
[Round "12"]
[White "Romanishin, Oleg"]
[Black "Gurevich, Mikhail"]
[Result "1-0"]
[WhiteElo "2570"]
[BlackElo "2540"]
[EventDate "1987.04.06"]
[PlyCount "80"]

1.Nf3 f5 2.g3 Nf6 3.Bg2 g6 4.b3 Bg7 5.Bb2 O-O 6.O-O d6 7.d4 Qe8 8.c4 Nh5 
9.Nc3 f4 10.Qd2 c6 11.d5 Na6 12.Na4 c5 13.Bxg7 Kxg7 14.e4 h6 15.e5 Bg4 16.
Rae1 Qf7 17.Nc3 Nc7 18.Ne4 Ne8 19.h3 Bxf3 20.Bxf3 Kh8 21.g4 Nhg7 22.Qc3 b6
23.Re2 Rd8 24.Rfe1 Rc8 25.Qb2 Rc7 26.Nc3 dxe5 27.Rxe5 Nd6 28.Qe2 Re8 29.
Ne4 Rd8 30.Qd3 Kg8 31.Bd1 Nxe4 32.Qxe4 Kf8 33.Bc2 Rd6 34.Qf3 Rcd7 35.R1e4 
Rf6 36.h4 Ke8 37.b4 Kd8 38.bxc5 bxc5 39.Ba4 Rc7 40.Bc6 e6 1-0

[Event "10th Paul Keres mem"]
[Site "Tallinn URS"]
[Date "1987.04.??"]
[Round "13"]
[White "Gurevich, Mikhail"]
[Black "Gavrikov, Viktor"]
[Result "1-0"]
[WhiteElo "2540"]
[BlackElo "2550"]
[EventDate "1987.04.06"]
[PlyCount "141"]

1.d4 Nf6 2.c4 e6 3.Nf3 b6 4.a3 Bb7 5.Nc3 d5 6.cxd5 Nxd5 7.Qc2 Be7 8.Bd2 
Nd7 9.e4 Nxc3 10.Bxc3 O-O 11.Rd1 Qc8 12.Bd3 Ba6 13.O-O Bxd3 14.Qxd3 Qb7 
15.Rfe1 Rfe8 16.Qe3 Bf6 17.Qf4 Rad8 18.h4 c5 19.e5 Be7 20.Ng5 Rf8 21.Ne4 
Qc7 22.d5 exd5 23.Rxd5 Nf6 24.Rxd8 Bxd8 25.Nd6 Nd5 26.Qg4 Nxc3 27.bxc3 Kh8
28.Rd1 Qe7 29.g3 Bc7 30.Qxg7+ Kxg7 31.Nf5+ Kh8 32.Nxe7 Bxe5 33.c4 a6 34.a4
Bd4 35.Kf1 Rd8 36.Rb1 Rd7 37.Nd5 b5 38.axb5 axb5 39.Rxb5 Ra7 40.Rb3 Ra1+ 
41.Kg2 Rc1 42.Ne7 Rc2 43.Rf3 Kg7 44.h5 f6 45.Nf5+ Kf7 46.Rf4 Be5 47.Re4 
Ke6 48.g4 Ra2 49.Re1 Rc2 50.Ne3 Rb2 51.Kf3 Rb4 52.Re2 Ra4 53.Rc2 Ra1 54.
Nf5 Ra3+ 55.Ke4 Ra1 56.Ng7+ Kf7 57.Nf5 Ke6 58.Rd2 Re1+ 59.Ne3 Bd4 60.Ra2 
Bxe3 61.Ra6+ Ke7 62.fxe3 Rg1 63.Kd5 Rxg4 64.Ra7+ Kf8 65.Kxc5 Re4 66.Kd5 
Rxe3 67.c5 Ke8 68.Rxh7 f5 69.h6 f4 70.Ra7 Rh3 71.h7 1-0